000 00265nam a2200109Ia 4500
008 200302s9999 xx 000 0 und d
100 _aWilliam Zuk & Other
245 _aKinetic Architecture
260 _bVan Nostrand Renhold Company
260 _c1970
300 _a163 P.,
999 _c22
_d22